[Event "International Kings Challenge"]
[Site "Beijing CHN"]
[Date "2003.09.22"]
[Round "1"]
[White "Xu Jun"]
[Black "Short,N"]
[Result "1/2-1/2"]
[WhiteElo "2626"]
[BlackElo "2701"]
[EventDate "2003.09.22"]

1. d4 d5 2. c4 e6 3. Nc3 c5 4. cxd5 exd5 5. Nf3 Nc6 6. g3 Nf6 7. Bg2 Be7 8.
O-O O-O 9. Bg5 c4 10. Ne5 Be6 11. b3 Qa5 12. Nxc6 bxc6 13. Qc2 Rfd8 14. e3
Rac8 15. bxc4 dxc4 16. Ne4 c5 17. dxc5 Rd3 18. Bxf6 gxf6 19. Rfd1 Qa3 20.
Bf1 Rxd1 21. Rxd1 f5 22. Nd6 Rxc5 23. Nxc4 Qb4 24. Rb1 Rxc4 25. Bxc4 Qxc4
26. Qxc4 Bxc4 27. Rb7 Kf8 28. Rxa7 Ke8 29. a4 Kd8 30. Rb7 Bd6 31. h4 Bc7
32. Rb4 Be6 33. h5 h6 34. Rb1 Bd7 35. Rb4 f6 36. Rc4 Be8 37. Rc5 Bxa4 38.
f4 Bd7 39. Kf2 Bb6 40. Rd5 Ke7 41. Rd1 Be8 42. Rh1 Bc7 43. Rc1 Bd6 44. Rb1
Ke6 45. Ra1 Bxh5 46. Rh1 Bg4 47. Rxh6 Bb4 48. Rh8 Bc5 1/2-1/2

[Event "International Kings Challenge"]
[Site "Beijing CHN"]
[Date "2003.09.22"]
[Round "2"]
[White "Short,N"]
[Black "Zhang Zhong"]
[Result "1-0"]
[WhiteElo "2701"]
[BlackElo "2658"]
[EventDate "2003.09.22"]

1. e4 e5 2. Nf3 Nc6 3. Bc4 Bc5 4. b4 Bb6 5. a4 a6 6. c3 Nf6 7. d3 d6 8. O-O
O-O 9. Nbd2 Ne7 10. a5 Ba7 11. Bb3 Ng6 12. Nc4 h6 13. Be3 Be6 14. Bxa7 Rxa7
15. Re1 Ra8 16. d4 Nxe4 17. Rxe4 d5 18. Rxe5 dxc4 19. Rxe6 fxe6 20. Bxc4
Qf6 21. Qc2 Kh8 22. Re1 Nf4 23. Ne5 Qf5 24. Re4 Rf6 25. f3 Rd8 26. Qd2 Rd6
27. Qxf4 Qxf4 28. Rxf4 Rxf4 29. Ng6+ Kh7 30. Nxf4 Rc6 31. Bd3+ Kg8 32. Be4
1-0

[Event "International Kings Challenge"]
[Site "Beijing CHN"]
[Date "2003.09.22"]
[Round "3"]
[White "Seirawan,Y"]
[Black "Zhang Zhong"]
[Result "0-1"]
[WhiteElo "2626"]
[BlackElo "2658"]
[EventDate "2003.09.22"]

1. d4 Nf6 2. c4 e6 3. Nc3 Bb4 4. Qc2 c5 5. dxc5 Bxc5 6. Nf3 Qb6 7. e3 Qc7
8. a3 b6 9. Nb5 Qd8 10. b3 a6 11. Nc3 Bb7 12. Bb2 Be7 13. Be2 d6 14. O-O
Nbd7 15. Rad1 Qc7 16. Qb1 O-O 17. Rd4 Rac8 18. Rfd1 Bc6 19. b4 Qb8 20. Ba1
Bb7 21. Ng5 Rfd8 22. Nce4 h6 23. Nxf6+ Nxf6 24. Nf3 Qa8 25. Qb2 Bc6 26.
R4d2 Bf8 27. Rc1 Rd7 28. Qb3 Rdc7 29. Bxf6 gxf6 30. Qb2 f5 31. Qd4 Qb7 32.
Qf4 d5 33. Ne5 Bg7 34. Nxc6 Qxc6 35. c5 Qa4 36. Rdc2 Qxa3 37. c6 Qa4 38. h3
Bf8 39. g4 Qxb4 40. Qxb4 Bxb4 41. Bxa6 Ra8 42. Bb7 Rd8 43. gxf5 exf5 44.
Rd1 Kg7 45. Kg2 Kf6 46. Kf3 Ke5 47. Rd4 Bc5 48. Rh4 Rd6 49. Ra2 Rg6 50. Ra8
Be7 51. Rh5 Rf6 52. Ke2 b5 53. f4+ Ke6 54. Kd3 b4 55. Ra5 Rg6 56. Rb5 Bf8
57. Rb6 Rg3 58. Rb5 Rg1 59. Ke2 Rc1 60. Ba8 Ra1 61. Rb8 Bg7 62. Re8+ Kf6
63. Rd8 Kg6 64. Rh4 Bf6 65. Rd7 Rxd7 66. cxd7 Rxa8 0-1

[Event "International Kings Challenge"]
[Site "Beijing CHN"]
[Date "2003.09.22"]
[Round "3"]
[White "Ye Jiangchuan"]
[Black "Short,N"]
[Result "1/2-1/2"]
[WhiteElo "2683"]
[BlackElo "2701"]
[EventDate "2003.09.22"]

1. e4 e5 2. Nf3 Nc6 3. Bb5 a6 4. Ba4 d6 5. c3 g6 6. d4 Bd7 7. O-O Bg7 8.
Be3 Nf6 9. Nbd2 O-O 10. d5 Ne7 11. Bxd7 Qxd7 12. Ne1 Ng4 13. Bg5 f5 14. h3
Bf6 15. Nef3 h6 16. hxg4 hxg5 17. Nh2 f4 18. g3 Kg7 19. Kg2 Rh8 20. Rh1 c6
21. c4 Ng8 22. Ndf3 Nh6 23. Qb3 cxd5 24. cxd5 Rac8 25. a4 Bd8 26. Rac1 Be7
27. Qb6 Nxg4 28. Rxc8 Qxc8 29. Nxg4 Rxh1 30. Kxh1 Qxg4 31. Kg2 Qd7 32. b3
g4 33. Nd2 Bd8 34. Qb4 b5 35. axb5 axb5 36. Qc3 Bg5 37. gxf4 Bxf4 38. Nf1
Kf6 39. Ne3 Kg5 40. Nf1 Qh7 41. Qc8 Qh3+ 42. Kg1 Qxb3 43. Qd8+ Kh5 44. Qh8+
Kg5 45. Qd8+ Kh5 46. Qh8+ 1/2-1/2

[Event "International Kings Challenge"]
[Site "Beijing CHN"]
[Date "2003.09.22"]
[Round "3"]
[White "Bareev,E"]
[Black "Xu Jun"]
[Result "0-1"]
[WhiteElo "2721"]
[BlackElo "2626"]
[EventDate "2003.09.22"]

1. c4 Nf6 2. Nc3 c5 3. g3 d5 4. cxd5 Nxd5 5. Bg2 Nc7 6. Qa4+ Qd7 7. b3 e6
8. Ba3 b5 9. Nxb5 Qxb5 10. Qxb5+ Nxb5 11. Bxc5 Bxc5 12. Rc1 Na6 13. Bxa8
Ke7 14. Bc6 Nd4 15. Bg2 Bd7 16. Nf3 Ba3 17. Rc4 Nxf3+ 18. Bxf3 Bb5 19. Rc3
Kd6 20. e4 Nb4 21. e5+ Kd7 22. Be2 Rb8 23. Kd1 Nxa2 24. Bxb5+ Rxb5 25. Rf3
Ke7 26. Re1 Bb2 27. Re4 Nb4 28. Ref4 f5 29. exf6+ Bxf6 30. Rc4 Kd7 31. h4
a5 32. g4 h6 33. Rh3 Nd5 34. f4 Be7 35. f5 exf5 36. gxf5 Bf6 37. Rd3 Ke7
38. Rf3 h5 39. Ke2 Kf7 40. d4 Ne7 41. Rc5 Rb4 42. d5 Re4+ 43. Kd2 Rd4+ 44.
Rd3 Nxf5 45. Rxa5 Rxh4 46. d6 Rh2+ 47. Kd1 Rh1+ 48. Ke2 Nd4+ 49. Kf2 Nc6
50. Rad5 Ne5 51. Rxe5 Bxe5 52. d7 Bf6 53. d8=Q Bxd8 54. Rxd8 Rb1 55. Rb8 g5
56. Kg3 Rd1 57. Rb7+ Kf6 58. Rb6+ Ke5 59. Rh6 h4+ 60. Kf2 Rd3 61. Rb6 g4
62. Rb8 g3+ 63. Kg2 Rd2+ 64. Kf3 Rf2+ 65. Ke3 Rf7 66. Rb5+ Kd6 67. Rg5 Rb7
68. Kf3 Rxb3+ 69. Kg4 Rb4+ 70. Kh3 Re4 71. Rf5 Re1 72. Rg5 Rh1+ 73. Kg2
Rh2+ 74. Kg1 Ke6 75. Rg4 Kf5 76. Rb4 Kg5 0-1

[Event "International Kings Challenge"]
[Site "Beijing CHN"]
[Date "2003.09.23"]
[Round "4"]
[White "Short,N"]
[Black "Ni Hua"]
[Result "0-1"]
[WhiteElo "2701"]
[BlackElo "2533"]
[EventDate "2003.09.22"]

1. e4 c5 2. Nf3 Nc6 3. d4 cxd4 4. Nxd4 Nf6 5. Nc3 e5 6. Ndb5 d6 7. Nd5 Nxd5
8. exd5 Nb8 9. c4 Be7 10. Bd3 a6 11. Nc3 O-O 12. O-O f5 13. f3 Nd7 14. Kh1
Bg5 15. b4 b6 16. a3 Kh8 17. Qc2 Qf6 18. g4 Bxc1 19. Raxc1 e4 20. fxe4 f4
21. Ne2 f3 22. Qd2 Ne5 23. g5 Qg6 24. Ng1 Bg4 25. Bb1 Rf7 26. c5 bxc5 27.
bxc5 dxc5 28. h3 Raf8 29. Rf2 Qh5 30. Qc3 Bxh3 31. Nxh3 Ng4 32. Rh2 Nxh2
33. Kxh2 f2 34. Bd3 Rf3 35. Bf1 Rxc3 36. Rxc3 Qd1 37. Kg2 Qg4+ 38. Kh2 Qxe4
39. Rxc5 Qd4 40. Rc6 0-1

[Event "International Kings Challenge"]
[Site "Beijing CHN"]
[Date "2003.09.23"]
[Round "4"]
[White "Zhang Pengxiang"]
[Black "Seirawan,Y"]
[Result "1-0"]
[WhiteElo "2567"]
[BlackElo "2626"]
[EventDate "2003.09.22"]

1. e4 c6 2. d4 d5 3. e5 Bf5 4. g4 Bd7 5. Be3 h5 6. gxh5 Bf5 7. Ne2 Bg4 8.
Rg1 Bxh5 9. e6 Qd6 10. exf7+ Bxf7 11. Nd2 Nd7 12. Bf4 Qb4 13. c3 Qxb2 14.
Rb1 Qxa2 15. Rxb7 Ngf6 16. Nc1 Qa5 17. Ncb3 Qxc3 18. Rg3 Qb2 19. Rd3 e6 20.
Na5 Qa2 21. Nxc6 a5 22. Rdb3 Bb4 23. Nxb4 axb4 24. Bb5 Bh5 25. f3 O-O 26.
Bd6 Rf7 27. Bxb4 Bg6 28. Qc1 Qa1 29. Rc3 Qxc1+ 30. Rxc1 Ne5 31. Rb6 Nd3+
32. Bxd3 Bxd3 33. Rxe6 Ra2 34. Re3 Bf5 35. Re7 Rxe7+ 36. Bxe7 Kf7 37. Bd6
g5 38. Rc7+ Ke6 39. Be5 Nd7 40. Rc6+ Kf7 41. Rd6 Be6 42. Bg3 Nf6 43. Nb3
Nd7 44. Nc1 Ra4 45. Ne2 Rb4 46. Kd2 Nb6 47. Kc3 Rb1 48. Rc6 Nc4 49. h4 Rf1
50. hxg5 Rxf3+ 51. Kb4 Re3 52. Nf4 Rxg3 53. Nxe6 Ne3 54. Kc5 Nf5 55. Ra6
Ne7 56. Kd6 Re3 57. Nd8+ Kf8 58. Ra8 1-0

[Event "International Kings Challenge"]
[Site "Beijing CHN"]
[Date "2003.09.23"]
[Round "4"]
[White "Bareev,E"]
[Black "Bu Xiangzhi"]
[Result "1/2-1/2"]
[WhiteElo "2721"]
[BlackElo "2588"]
[EventDate "2003.09.22"]

1. d4 d5 2. c4 c6 3. Nf3 Nf6 4. e3 g6 5. Nc3 Bg7 6. Be2 O-O 7. O-O Be6 8.
h3 h6 9. b3 Nbd7 10. Bb2 Ne4 11. Nd2 Nxc3 12. Bxc3 c5 13. Rc1 Rc8 14. cxd5
Bxd5 15. dxc5 Bxc3 16. Rxc3 Nxc5 17. b4 Ne4 18. Nxe4 Bxe4 19. Rxc8 Qxc8 20.
Qd4 Qc2 21. Bd1 Qd3 22. Qxa7 Qc3 23. Bb3 Qxb4 24. Rd1 Bc6 25. f3 Kg7 26. e4
Qc3 27. Qd4+ Qxd4+ 28. Rxd4 Ra8 29. h4 e5 30. Rd2 Ra3 31. Kf2 h5 32. Rd6
Kf8 33. Rd8+ Ke7 34. Rb8 Ra5 35. Ke3 Rb5 36. Kd3 Bd7 37. Kc3 Be6 38. Bxe6
Kxe6 39. a4 Rb1 40. Kc4 Kf6 41. a5 g5 42. hxg5+ Kxg5 43. g3 Kf6 44. Rd8 Rg1
45. Rd6+ Kg5 46. Rb6 Rxg3 47. Rxb7 Rxf3 48. a6 Ra3 49. a7 f5 50. exf5 Kxf5
51. Rf7+ Kg4 52. Rg7+ Kf4 53. Rf7+ Kg3 54. Rg7+ Kf4 55. Rf7+ Kg5 56. Rg7+
Kf6 57. Rh7 Kg6 58. Re7 h4 59. Kb5 Kf5 60. Rf7+ Kg4 61. Rg7+ Kf3 62. Rh7
Kg3 63. Rg7+ Kf3 64. Rf7+ Kg3 65. Rg7+ 1/2-1/2

[Event "International Kings Challenge"]
[Site "Beijing CHN"]
[Date "2003.09.23"]
[Round "6"]
[White "Bu Xiangzhi"]
[Black "Short,N"]
[Result "1-0"]
[WhiteElo "2588"]
[BlackElo "2701"]
[EventDate "2003.09.22"]

1. Nf3 d5 2. d4 Bf5 3. c4 e6 4. Nc3 Nc6 5. Bg5 f6 6. Bh4 Qd7 7. cxd5 exd5
8. e3 Nge7 9. Rc1 a6 10. Bg3 Bg6 11. h3 Nf5 12. Bf4 Bb4 13. a3 Bxc3+ 14.
Rxc3 Rc8 15. Qc1 Nfe7 16. Be2 Bf5 17. Nd2 O-O 18. O-O Qe8 19. Bh2 Qg6 20.
Kh1 Rfe8 21. b4 Nd8 22. Qd1 Nf7 23. Bf4 h6 24. Bxc7 Qh7 25. Rc5 Ng5 26. Bd6
Nc6 27. Qb3 Rcd8 28. Bf4 Nxd4 29. exd4 Rxe2 30. Rxd5 Rxd5 31. Qxd5+ Be6 32.
Qd8+ Kf7 33. Qc7+ Kg6 34. Be3 Qg8 35. h4 Rxd2 36. Bxd2 Ne4 37. Bf4 Bc4 38.
Rc1 b5 39. Be3 Qe6 40. Qf4 h5 41. f3 Nd6 42. Re1 Bd3 43. Qg3+ Kh7 44. Bf4
1-0